Vzdelávanie zamestnancov v podniku Johns Manville Slovakia, a.s. Trnava : Bakalárska práca

Guardado en:
Detalles Bibliográficos
Autor principal: Barek, Adrián (Autor)
Otros Autores: Homoky, Rastislav (xxx)
Formato: Manuscrito Libro
Lenguaje:eslovaco
Publicado: Trnava : STU v Bratislave MtF KPIM, 2006
Materias:
Etiquetas: Agregar Etiqueta
Sin Etiquetas, Sea el primero en etiquetar este registro!

MARC

LEADER 00000ntm a22000003a 4500
001 stu128777
005 20160719155528.3
008 061026s2006----xo------------------slo-d
040 |a STU  |b slo 
041 0 |a slo 
044 |a xo 
100 1 |a Barek, Adrián  |4 aut 
245 1 |a Vzdelávanie zamestnancov v podniku Johns Manville Slovakia, a.s. Trnava :  |b Bakalárska práca 
260 |a Trnava :  |b STU v Bratislave MtF KPIM,  |c 2006 
300 |a 58 s  |c príl., 1 CD-ROM 
650 7 |a priemyselné inžinierstvo a manažment  |2 stusub 
650 7 |a vzdelávanie zamestnancov  |2 stusub 
700 1 |a Homoky, Rastislav  |4 xxx 
996 |b 284M074427  |c M*BP-1779  |l MMSKP  |s P  |a 0  |w stu128777_0001